| 000 | 00594nam a2200181Ia 4500 | ||
|---|---|---|---|
| 005 | 20250423100836.0 | ||
| 008 | 250422s9999 xx 000 0 und d | ||
| 020 | _a9780415537001 | ||
| 050 | _aHQ 21 .R87/ | ||
| 100 | _aEdited by Aggleton, Peter | ||
| 245 | 0 | _aRoutledge handbook of sexuality, health and rights | |
| 260 | _aLondon | ||
| 260 | _bRoutledge | ||
| 260 | _c2024 | ||
| 300 | _axxii, 484p.: | ||
| 650 | _aSex--Handbooks, manuals, etc. Sexual health--Handbooks, manuals, etc. Human rights--Handbooks, manuals, etc. Reproductive rights--Handbooks, manuals, etc. | ||
| 942 | _cBK | ||
| 999 |
_c34506 _d34506 |
||